LEADER 00898nam0 2200265 450 001 000024970 005 20090325093816.0 100 $a20090325d1969----km-y0itay50------ba 101 0 $aeng 102 $aUS$aGB 105 $ay-------001yy 200 1 $a<>fiscal revolution in America$fHerbert Stein 210 $aChicago$aLondon$cUniversity of Chicago press$d1969 215 $aXIII, 526 p.$d23 cm 500 10$a<>fiscal revolution in America$943743 610 1 $aStati Uniti d'America$aPolitica fiscale 676 $a336.273$v19$9Tasse e tassazione. Stati Uniti 676 $a336.73$v19$9Finanza pubblica. Stati Uniti d'America 700 1$aStein,$bHerbert$0249792 801 0$aIT$bUNIPARTHENOPE$c20090325$gRICA$2UNIMARC 912 $a000024970 951 $a321/54$b4450$cNAVA2 951 $a122/32$b3398$cNAVA2 996 $aFiscal revolution in America$943743 997 $aUNIPARTHENOPE